00366nam a2200097Ia 4500008004100000082002200041100002100063245002800084260003300112650012300145211119s9999||||xx |||||||||||||| ||und|| a894.812 4 bMAD-K aMadhusoodanan, G 0aKathayum Paristhidhiyum bCurrent BooksaTRICHURc2000 a Literature & rhetoricvLiteratures of other languagesAltaic, Uralic, Hyperborean & Dravidian GeneraliaxGeneral stack